Dirección de orquesta: defensa de la obra

Salvato in:
Dettagli Bibliografici
Autore principale: Swarowsky, Hans (Autore)
Natura: Libro
Lingua:spagnolo
Pubblicazione: Madrid Real Musical 1989
Edizione:1a. ed
Soggetti:
Tags: Aggiungi Tag
Nessun Tag, puoi essere il primo ad aggiungerne!!

MARC

LEADER 00000cam a2200000 a 4500
001 UCE5663
003 CL-VaPUC
008 150305e19890000sp |||||||||||||||||spa|d
020 |a 9788438703090 
082 0 4 |a 781.45  |b SWA  |2 21 
100 0 |a Swarowsky, Hans  |e author  |9 578356 
245 1 0 |a Dirección de orquesta: defensa de la obra 
250 |a 1a. ed 
300 |a 358 p 
942 |c BK 
945 |d 20150305 12:52:00  |a dcastane 
260 |a Madrid  |b Real Musical  |c 1989 
500 |a Traducción de Miguel Ángel Gómez Martínez 
650 7 |a DIRECCION ORQUESTAL  |2 CL-VaPUC  |9 578357 
650 7 |a GESTOS  |2 CL-VaPUC  |9 578358 
650 7 |a DIRECTORES  |2 CL-VaPUC  |9 267231 
650 0 |a Educación musical   |9 310072 
583 |a last modification  |c 20150305 12:52:00  |k Rodrigo Vera 
999 |c 358312  |d 358310 
952 |0 0  |1 0  |3 erb  |4 0  |6 781_450000000000000_SWA_1989  |7 0  |8 R  |9 466945  |a BIBEDU  |b BIBEDU  |i 5136466  |o 781.45 SWA 1989  |p 5136466  |r 2023-01-12  |w 2019-11-23  |y BK_R  |z Catalogado en:20150305  |k MUS